ბათუმის შოთა რუსთაველის სახელმწიფო უნივერსიტეტის ბიბლიოთეკა

Али и Нино: (ბიბ.ჩანაწერი № 36463)

000 -LEADER
fixed length control field 00570nam a2200205Ia 4500
001 - CONTROL NUMBER
control field 2378
003 - CONTROL NUMBER IDENTIFIER
control field GE_BSU
005 - DATE AND TIME OF LATEST TRANSACTION
control field 20221025104028.0
008 - FIXED-LENGTH DATA ELEMENTS--GENERAL INFORMATION
fixed length control field 181216s2009ru xx |||||||||||||| ||rus||
040 ## - CATALOGING SOURCE
Transcribing agency GE_BSU
041 ## - LANGUAGE CODE
Language code of text/sound track or separate title rus
050 ## - LIBRARY OF CONGRESS CALL NUMBER
Classification number 97859110300391
080 ## - UNIVERSAL DECIMAL CLASSIFICATION NUMBER
Universal Decimal Classification number 821.112.2 K 93
100 ## - MAIN ENTRY--PERSONAL NAME
Personal name Курбан, Саид.
9 (RLIN) 15510
245 ## - TITLE STATEMENT
Title Али и Нино:
Remainder of title Роман /
Statement of responsibility, etc. Саид Курбан.
264 ## - PRODUCTION, PUBLICATION, DISTRIBUTION, MANUFACTURE, AND COPYRIGHT NOTICE
Place of production, publication, distribution, manufacture Москва :
Name of producer, publisher, distributor, manufacturer Адмаргинем Пресс,
Date of production, publication, distribution, manufacture, or copyright notice 2009.
300 ## - PHYSICAL DESCRIPTION
Extent 336 с. :
Other physical details 19 см.
653 ## - INDEX TERM--UNCONTROLLED
keyword Али и Нино
942 ## - ADDED ENTRY ELEMENTS (KOHA)
Koha item type წიგნი
Source of classification or shelving scheme
ეგზემპლარები
Withdrawn status Lost status Source of classification or shelving scheme Damaged status Not for loan Permanent Location Current Location Shelving location Date acquired Cost, normal purchase price Full call number Barcode Date last seen Copy number Price effective from Koha item type Public note
          ბათუმის შოთა რუსთაველის სახელმწიფო უნივერსიტეტის მთავარი ბიბლიოთეკა ბათუმის შოთა რუსთაველის სახელმწიფო უნივერსიტეტის მთავარი ბიბლიოთეკა წიგნსაცავი 2018-12-17 8.00 821.112.2 K 93 4518 2018-12-17 4518 2018-12-17 წიგნი 8.00